000 00385cam a2200169 4500
001 D12972
008 090401t xxu||||| |||| 00| 0 eng d
035 _a(Sirsi) u6924
041 _aeng
100 _aHodgkinson, Norman J
245 _aDebit experience account
260 _aLondon
_bEstates Gazette
_cn d
350 _a0
520 _aShelf 117
942 _n0
948 _c04/03/1997
999 _c86369
_d86369